000 01041nam a2200325 i 4500
003 EG-GICUC
005 20260413183248.0
008 260413s1978 nyu |||fr|||| 00| 0 eng d
020 _a0155504908
040 _aEG-GiCUC
_beng
_cEG-GiCUC
_dEG-GiCUC
_erda
082 0 4 _221
_a343.3918
_bFE . L
092 0 4 _221
099 _aLaw1 10 343.3918 FE . L 1978
100 1 _aFerguson, Robert W
_eAuthor.
245 1 0 _aLegal Aspects of Evidence /
_cRobert W. Ferguson, Allan H. Stokke.
264 1 _aNew York :
_bHarcourt Brace Jovanovich, INC,
_c1978.
300 _a208 pages ;
_c24 cm.
336 _2rda content
_atext
337 _2rda media
_aComputer
338 _2rda carrier
_aOnline Resource
490 _aHbj Criminal Justice Series
546 _aText in English
650 1 _aLégalité Des Preuves Criminelles
_2qrmak
650 1 _aDroit De Pénal
_2qrmak
651 1 _2qrmak
700 1 _aStokke, Allan H
_eAuthor.
856 4 0 _uhttps://fll.law.cu.edu.eg/fulltext/bks/B10-08630.pdf
905 _a54
942 _2ddc
_cBK
_e21
_n0
999 _c70626
_d70626